Технические отчеты. № 1: Аэродинамика прямоточного воздушного реактивного двигателя (Запись № 13625355)

Подробности
000 -МАРКЕР
контрольное поле 01455nam2a2200253 4500
001 - ИДЕНТИФИКАТОР ЗАПИСИ
контрольное поле rc\3052682
005 - ИДЕНТИФИКАТОР ВЕРСИИ
контрольное поле 20260315070130.0
035 ## - ДРУГИЕ СИСТЕМНЫЕ НОМЕРА
Идентификатор записи (NLR Aleph) 007192027
100 ## - ДАННЫЕ ОБЩЕЙ ОБРАБОТКИ
Данные общей обработки 20111011d1945 u y0rusy50 ca
101 0# - ЯЗЫК РЕСУРСА
Язык текста, звукозаписи и т.д. русский
102 ## - СТРАНА ПУБЛИКАЦИИ ИЛИ ПРОИЗВОДСТВА
Страна публикации Российская Федерация
105 ## - ПОЛЕ КОДИРОВАННЫХ ДАННЫХ: ТЕКСТОВЫЕ МАТЕРИАЛЫ, МОНОГРАФИЧЕСКИЕ
Кодированные данные о монографическом текстовом документе a z |||||
200 1# - ЗАГЛАВИЕ И СВЕДЕНИЯ ОБ ОТВЕТСТВЕННОСТИ
Основное заглавие Аэродинамика прямоточного воздушного реактивного двигателя
Сведения, относящиеся к заглавию Некоторые вопросы динамики самолета с прямоточным воздушно-реактивным двигателем
210 ## - ПУБЛИКАЦИЯ, РАСПРОСТРАНЕНИЕ И ДР.
Дата издания, распространения и т.д. 1945
215 ## - ФИЗИЧЕСКАЯ ХАРАКТЕРИСТИКА
Специфическое обозначение материала и объем 46 с.
Другие сведения о физической характеристике граф.
461 #0 - УРОВЕНЬ НАБОРА
Встроенное поле 001rc\3052681
-- 2001#$aТехнические отчеты$e№ 1$fНар. ком. авиац. пром. Науч.-исслед. ин-т № 1$v№ 1
Системный номер (АБИС) связанной записи 7547162
Автор Научно-исследовательский институт Министерства авиационной промышленности СССР (1)
Место публикации [Москва]
Дата публикации 1945-1947
Первые сведения об ответственности Нар. ком. авиац. пром. Науч.-исслед. ин-т № 1
Имя издателя, распространителя и т.д. Изд-во Бюро новой техники НКАП
Сведения, относящиеся к заглавию № 1
Заглавие Технические отчеты
Номер тома № 1
700 #1 - ИМЯ ЛИЦА - ПЕРВИЧНАЯ ОТВЕТСТВЕННОСТЬ
Код отношения Автор
Графика поля Кириллица
Материалы, к которым относится поле rus
Начальный элемент ввода Щетинков
Часть имени, кроме начального элемента ввода Е. С.
Даты 1907-1976
Расширение инициалов личного имени Евгений Сергеевич
Системный номер авторитетной/нормативной записи 2641137
Идентификатор авторитетной/нормативной записи RU\NLR\AUTH\770273251
801 #0 - ИСТОЧНИК ЗАПИСИ
Страна Российская Федерация
Организация NLR
Правила каталогизации psbo
801 #1 - ИСТОЧНИК ЗАПИСИ
Страна Российская Федерация
Организация ELAR
Источник данных rusmarc
852 ## - МЕСТОНАХОЖДЕНИЕ И ШИФР ХРАНЕНИЯ
Идентификатор организации NLR
Шифр хранения (Call Number) Фз02 Г-8/84
942 ## - ДОПОЛНИТЕЛЬНЫЕ ЭЛЕМЕНТЫ ЗАПИСИ (АБИС)
Тип экземпляра АБИС Неопределено
980 ## - КОЛЛЕКЦИЯ
Название коллекции Национальная библиография

Нет доступных экземпляров.